00530nam a2200157Ia 4500008004100000020001500041082001500056100004200071245009400113250000700207260003700214300003100251500001900282600002100301650005000322240925s9999 xx 000 0 und d a1566042348 a005.75 JON aJonathan, Magid; Matthews ,R. Douglas 4aThe Web Server Book: tools and techniques for building your own internet information site aNA aNorth Carolina:bVentanac,1995. axviii,681p.bNAfPhotocopy aIncludes Index aComputer Science aComputer science, information & general works